Systém riadenia ľudských zdrojov v automobilovom priemysle v biznise typu B2B diplomová práca

Na minha lista:
Detalhes bibliográficos
Autor principal: Hájková, Zuzana
Autor Corporativo: Fakulta podnikového manažmentu EU. Katedra manažmentu
Outros Autores: Blštáková, Jana, 1980-
Formato: Livro
Idioma:eslovaco
Publicado em: Bratislava 2017
Tags: Adicionar Tag
Sem tags, seja o primeiro a adicionar uma tag!

MARC

LEADER 00000nbm a2200000 4500
001 0232606
005 20171219100539.2
041 0 |a slo 
044 |a SK 
245 1 0 |a Systém riadenia ľudských zdrojov v automobilovom priemysle v biznise typu B2B  |b diplomová práca  |c Zuzana Hájková ; školiteľ: Jana Blštáková 
264 1 |a Bratislava  |c 2017 
300 |a 77 s. 
100 1 |a Hájková, Zuzana 
700 1 |a Blštáková, Jana, 1980- 
710 2 |a Fakulta podnikového manažmentu EU. Katedra manažmentu